000 00816cam a2200229 a 4500
005 20160225093756.0
008 930111s1992 dcu b 000 0 eng
040 _aDLC
_cDLC
_dDLC
_dCO-BoIAVH
041 0 _aeng
044 _axxu
082 0 4 _a333.7
_bH98g
100 1 _aHutter, Carollyne.
245 1 0 _aGuide to the field of environmental and natural resource economics /
_cCarollyne Hutter.
260 _aWashington, D.C. :
_bWorld Wildlife Fund,
_cc1992.
300 _aviii, 89 páginas ;
_c28 x 22 cm.
504 _aIncluye referencias bibliográficas: páginas 85-89.
650 1 6 _aRecursos naturales
_xManejo.
650 1 6 _aMedio ambiente
_vAspectos económicos
650 2 6 _aBiodiversidad
_xInvestigación
650 2 6 _aForestación
_xInvestigación
942 _2ddc
_cLIBRO
999 _c2217
_d2217